Der deutsche Lausbub in Amerika (Record no. 5856)

MARC details
000 -CABECERA
campo de control de longitud fija 00866nam a2200265 a 4500
001 - NÚMERO DE CONTROL
campo de control BRCA_6169
005 - FECHA Y HORA DE LA ÚLTIMA TRANSACCIÓN
campo de control 20190320205346.0
008 - DATOS DE LONGITUD FIJA--INFORMACIÓN GENERAL
campo de control de longitud fija 070711s19111913gw-#######---#000-0#ger-#
041 ## - CÓDIGO DE LENGUA
Código de lengua del texto/banda sonora o título independiente ger
044 ## - CÓDIGO DEL PAÍS DE LA ENTIDAD EDITORA/PRODUCTORA
Código MARC del país gw
050 #4 - SIGNATURA TOPOGRÁFICA DE LA BIBLIOTECA DEL CONGRESO
Número de clasificación E168
Número de documento/Ítem .R68 1911
100 1# - ENTRADA PRINCIPAL--NOMBRE DE PERSONA
Nombre de persona Rosen, Erwin
Fechas asociadas al nombre 1876-
9 (RLIN) 15541
245 10 - MENCIÓN DE TÍTULO
Título Der deutsche Lausbub in Amerika
Mención de responsabilidad, etc. von Erwin Rosen
260 ## - PUBLICACIÓN, DISTRIBUCIÓN, ETC.
Lugar de publicación, distribución, etc. Stuttgart, Alemania
Nombre del editor, distribuidor, etc. Robert Lutz
Fecha de publicación, distribución, etc. 1911-1913
300 ## - DESCRIPCIÓN FÍSICA
Extensión 3 v.
Dimensiones 20 cm.
440 #0 - MENCIÓN DE SERIE/PUNTO DE ACCESO ADICIONAL--TÍTULO
Título Memoiren Bibliothek
Designación de volumen o secuencia IV
9 (RLIN) 15542
500 ## - NOTA GENERAL
Nota general Dos ejemplares del v. 1.
500 ## - NOTA GENERAL
Nota general K52
505 0# - NOTA DE CONTENIDO CON FORMATO
Nota de contenido con formato Contenido : v.1. ej. 1 (11a. ed. 1911), v.1. ej. 2 (27a ed. 1913), v.2. (21a ed. 1912), v.3. (19a. ed. 1913)
650 14 - PUNTO DE ACCESO ADICIONAL DE MATERIA--TÉRMINO DE MATERIA
Término de materia o nombre geográfico como elemento de entrada Viajeros alemanes
9 (RLIN) 7026
651 #4 - PUNTO DE ACCESO ADICIONAL DE MATERIA--NOMBRE GEOGRÁFICO
Nombre geográfico Estados Unidos
Subdivisión general Descripción y viajes
9 (RLIN) 15543
651 #4 - PUNTO DE ACCESO ADICIONAL DE MATERIA--NOMBRE GEOGRÁFICO
Nombre geográfico Estados Unidos
Subdivisión general Historia
Subdivisión cronológica Guerra de 1898
9 (RLIN) 15544
902 ## - CATALOGADOR
Iniciales GFM
942 ## - ELEMENTOS DE PUNTO DE ACCESO ADICIONAL (KOHA)
Fuente del sistema de clasificación o colocación Library of Congress Classification
Tipo de ítem Koha Libros
Holdings
Estado de retiro Estado de pérdida Estado dañado No para préstamo Localización permanente Ubicación/localización actual Fecha de adquisición Número de inventario Total de préstamos Signatura topográfica completa Código de barras Fecha visto por última vez Precio válido a partir de Tipo de ítem Koha
El ejemplar forma parte de la colección y puede ser consultado según las políticas vigentes.       Biblioteca del Museo Franz Mayer (Rogerio Casas-Alatriste) Biblioteca del Museo Franz Mayer (Rogerio Casas-Alatriste) 07/07/2011 K52   E168 .R68 1911 (K52) 6608 22/03/2019 22/03/2019 Libros